|
|
|
|
| LEADER |
00000cam a22000004a 4500 |
| 001 |
musev2_4311 |
| 003 |
MdBmJHUP |
| 005 |
20230905040528.0 |
| 006 |
m o d |
| 007 |
cr||||||||nn|n |
| 008 |
010910s2001 mau o 00 0 eng d |
| 010 |
|
|
|z 2001005553
|
| 020 |
|
|
|a 9781613760802
|
| 020 |
|
|
|z 1558493123
|
| 020 |
|
|
|z 1613760809
|
| 020 |
|
|
|z 9781558493124
|
| 035 |
|
|
|a (OCoLC)608520115
|
| 040 |
|
|
|a MdBmJHUP
|c MdBmJHUP
|
| 043 |
|
|
|a n-us---
|
| 050 |
0 |
4 |
|a E744
|b .D43 2001
|
| 082 |
0 |
|
|a 327.73/009/045
|2 21
|
| 100 |
1 |
|
|a Dean, Robert D.,
|d 1956-
|
| 245 |
1 |
0 |
|a Imperial Brotherhood :
|b Gender and the Making of Cold War Foreign Policy /
|c Robert D. Dean.
|
| 264 |
|
1 |
|a Amherst :
|b University of Massachusetts Press,
|c 2001.
|
| 264 |
|
3 |
|a Baltimore, Md. :
|b Project MUSE,
|c 2012
|
| 264 |
|
4 |
|c ©2001.
|
| 300 |
|
|
|a 1 online resource (344 pages):
|b ill. ;
|
| 336 |
|
|
|a text
|b txt
|2 rdacontent
|
| 337 |
|
|
|a computer
|b c
|2 rdamedia
|
| 338 |
|
|
|a online resource
|b cr
|2 rdacarrier
|
| 504 |
|
|
|a Includes bibliographical references (p. [307]-321) and index.
|
| 505 |
0 |
|
|a Introduction: culture, gender, and foreign policy reason -- The foreign policy "establishment" -- The reproduction of imperial manhood -- Heroism, bodies, and the construction of elite masculinity -- "Lavender lads" and the foreign policy establishment -- The sexual inquisition and the imperial brotherhood -- Lavender-baiting and the persistence of the sexual inquisition -- John F. Kennedy and the domestic politics of foreign policy -- Manhood, the imperial brotherhood, and the Vietnam war -- Afterword.
|
| 588 |
|
|
|a Description based on print version record.
|
| 651 |
|
0 |
|a United States
|x Foreign relations
|y 1945-1989
|x Social aspects.
|
| 650 |
|
0 |
|a Political culture
|z United States
|x History
|y 20th century.
|
| 650 |
|
0 |
|a Sex role
|x Political aspects
|z United States
|x History
|y 20th century.
|
| 650 |
|
0 |
|a Masculinity
|x Political aspects
|z United States
|x History
|y 20th century.
|
| 655 |
|
7 |
|a Electronic books.
|2 local
|
| 710 |
2 |
|
|a Project Muse.
|e distributor
|
| 830 |
|
0 |
|a Book collections on Project MUSE.
|
| 856 |
4 |
0 |
|z Texto completo
|u https://projectmuse.uam.elogim.com/book/4311/
|
| 945 |
|
|
|a Project MUSE - Custom Collection
|
| 945 |
|
|
|a Project MUSE - Archive Complete Foundation
|
| 945 |
|
|
|a Project MUSE - Archive History Foundation
|